00733nam a22001937a 450000500170000000800410001702000180005804000070007604100080008308200210009110000160011224500670012826000470019530000240024236500620026652001740032865000250050270000120052720220712105026.0220701b ||||| |||| 00| 0 eng d a9788189301996 cAL aeng 223a370.02bKUMT aSajit Kumar aTruman's NTA UGC NET SET Teaching and Research Aptitude Paper1 aNew DelhibDanika Publishing Companyc2022 a648p.bPBc24x18cm. 2Generala2475b₹360.00c₹d₹450.00e20%f29-06-2022 aBest Selling Book for NTA UGC NET Exams. Covering new syllabus applicable from June, 2019 onward exams and new model papers ideal for SET (State Eligibility Tests) also. 2EducationaEducation aGagan M